| 000 | 01274nam a2200337 a 4500 | ||
|---|---|---|---|
| 001 | 000112101 | ||
| 003 | CHAP | ||
| 005 | 20220329144246.0 | ||
| 008 | 151203s2015 mx a fsm |||||||spa d | ||
| 010 | _a108562 | ||
| 011 | _a109534 | ||
| 040 | _cCHAP | ||
| 090 | _aTesis | ||
| 100 | 1 |
_aFarias de los Santos, Alfredo _9130221 |
|
| 245 | 1 | 0 |
_aNutrición, producción y composición de la leche de vacas holstein de la granja experimental de Chapingo _h[En línea] _cpor Alfredo Farías de los Santos y María de Lourdes Reyes Medel. |
| 260 |
_aChapingo, Méx. : _bEl autor, _c2015. |
||
| 500 | _aPara ver el contenido del material haga clic en la liga | ||
| 502 | _aTesis (Ing. Agr. Esp. en Zootecnia) -- UACH. Departamento de Zootecnia | ||
| 590 |
_aE5995AHE _b05 _c20151203 _lUCH01 _h1058 |
||
| 590 |
_aE5995AHE _b05 _c20151203 _lUCH01 _h1058 |
||
| 590 |
_aE5995AHE _b05 _c20151203 _lUCH01 _h1236 |
||
| 650 | 1 | 4 |
_aGanado Holstein. _945133 |
| 650 | 1 | 4 |
_aGanado lechero _xNutrición. _945281 |
| 650 | 1 | 4 |
_aGanado vacuno _xMéxico (Edo.) _945494 |
| 650 | 1 | 4 |
_aLeche _xProducción. _965400 |
| 700 | 1 |
_aReyes Medel, María de Lourdes _9130222 |
|
| 856 |
_aFinding aid _uhttp://10.13.5.2/tesis/sist112101.pdf _zTeclea aquí |
||
| 901 | _aBK | ||
| 942 | _cTESIS | ||
| 942 | _n0 | ||
| 999 |
_c108562 _d108562 |
||